000 00676nam a2200241 i 4500
001 24533
003 ES-MaACL
005 20240509063043.0
007 t|
008 021217s1977 sp ||||1| spa d
020 _a8473310330
100 1 _aAndújar, Manuel,
_d1913-1994
_9158299
245 1 3 _aLa propia imagen /
_cManuel Andújar.
250 _a1ª ed.
260 _aBarcelona :
_bAnthropos,
_c1977.
300 _a61 p. ;
_c20 cm.
490 1 _aAmbito literario ;
_v7
700 1 _aArana, José Ramón.
_922247
830 0 _aAmbito literario ;
_v7
_9180628
852 _aES-MaACL
_jL-10306
_bR.110823
_925444
942 _2udc
999 _c24533
_d24533